000 01517cam a22004094a 4500
001 muse5752
003 MdBmJHUP
005 20210127150946.0
006 m o d
007 cr||||||||nn|n
008 080704s2008 onc o 00 0 fre d
020 _a9782760317871
020 _a2760317870
020 _z9782760306837 :
020 _z2760306836
035 _a(OCoLC)798295859
040 _aMdBmJHUP
_cMdBmJHUP
100 1 _aJuillet, Luc,
_d1969-
245 1 0 _aÀ la défense d'un idéal contesté
_bLe principe de mérite et la Commission de la fonction publique, 1908-2008 /
_cLuc Juillet et Ken Rasmussen.
264 1 _bPresses de l'Universite d'Ottawa,
264 3 _bProject MUSE,
300 _a1 online resource (xii, 279 p.)
506 0 _aOpen Access
_fUnrestricted online access
_2star
588 _aDescription based on print version record.
610 1 0 _aPublic Service Commission of Canada
_xHistory.
610 2 6 _aCommission de la Fonction publique du Canada
_xHistoire.
655 7 _aElectronic books.
_2local
710 2 _aProject Muse.
_edistributor
830 0 _aBook collections on Project MUSE.
856 4 0 _zFull text available:
_uhttps://muse.jhu.edu/book/12387/
945 _aProject MUSE - Archive History Foundation
945 _aProject MUSE - Archive Complete Foundation
999 _c24107
_d24107